|
|
|
|
| LEADER |
00917cam a2200241 7i4500 |
| 001 |
0000005628 |
| 005 |
20221025090000.0 |
| 020 |
|
|
|a 1405106824 (pbk.)
|
| 020 |
|
|
|a 9781405106825
|
| 090 |
0 |
0 |
|a QP624.5.D726
|b C38 2003
|
| 100 |
1 |
|
|a Causton, Helen C
|
| 245 |
1 |
0 |
|a Microarray gene expression data analysis :
|b a beginner's guide
|c Helen C. Causton, John Quackenbush and Alvis Brazma.
|
| 260 |
|
|
|a Malden, MA:
|b Blackwell Pub.,
|c 2003.
|
| 300 |
|
|
|a viii, 160 p.:
|b ill.;
|c 24 cm.
|
| 504 |
|
|
|a Includes bibliographical references and index
|
| 650 |
0 |
0 |
|a Gene expression --
|x Research --
|x Methodology
|
| 650 |
0 |
0 |
|a DNA microarrays
|
| 700 |
1 |
|
|a Quackenbushm, John
|
| 700 |
1 |
|
|a Brazma, Alvis
|
| 997 |
|
|
|a Engineering & Life Sciences, Faculty
|b Science & Biotechnology, Department
|
| 998 |
|
|
|a Bioinformatics, Degree
|
| 998 |
|
|
|a Biotechnology, Degree
|
| 999 |
|
|
|a 0000005718
|b BOK
|c OPEN SHELF
|e 1st Floor, Bestari Jaya
|